Before and After - Movies - Statistics

General Stats
  • This quiz has been taken 47 times
  • The average score is 6 of 12
Answer Stats
Hint Answer % Correct
Han Solo gets frozen in carbonite, with a trip to 1955 in a DeLorean. The Empire Strikes Back to the Future
93%
A plastic bag blowing in the wind, with a 1991 Disney film with talking household items. American Beauty and the Beast
73%
Killing aliens on July 4th, with a 1985 or 2008 zombie movie. Independence Day of the Dead
73%
Kids are killed in their dreams, with a Van Damme movie based on a video game. A Nightmare on Elm Street Fighter
66%
Francis Ford Coppola's war epic, with the 4 magicians doing deeds for a mysterious group known as the "Eye." Apocalypse Now You See Me
56%
Jake Gyllenhaal is stuck in a library during climate change, with 007 fighting evil media moguls. The Day After Tomorrow Never Dies
54%
Versions have starred Judy Garland, Barbara Streisand, and now Lady Gaga, with Tom Cruise portraying a paralyzed Vietnam veteran. A Star is Born on the Fourth of July
44%
Heath Ledger's last movie, with an action comedy starring Tom Cruise and Cameron Diaz. The Dark Knight and Day
39%
A boy is raised by wolves and has a bear as a best friend, with a blind man taking the Bible to Alcatraz. The Jungle Book of Eli
39%
Orphaned cartoon dinosaurs wander to paradise, with Terry Gilliam's first installment of his "Trilogy of Imagination." The Land Before Time Bandits
24%
Final installment of the LOTR trilogy, with Clive Owen portraying Britain's most famous king. The Return of the King Arthur
24%
Criminals run from professional mercenaries in dystopian USA, with Denzel Washington hunting down kidnappers in Mexico City. The Running Man on Fire
20%
No matching quizzes found
Score Distribution
Percent of People with Each Score
Percentile by Number Answered
Your Score History
You have not taken this quiz